LDR 00638naa#a2200157#i#450# 001 EN\\bibl\20160 005 20260629050333.1 100 ## _a20260625b2026####ek#y0engy0150####ca 102 ## _aRU 200 1# _aThe Use of Artificial Intelligence Technologies in the Educational Process in the Field of Logistics _eConference article/thesis 210 1# _aSaint-Petersburg _cFSBEI HE "Emperor Alexander I St. Petersburg State Transport University" _d2026 215 ## _a6 с. 608 ## _aConference article/thesis _2local 675 ## _aОбработка и создание документов. 004.91 _z 700 #1 _aYudnikova _gElena Sergeevna 856 4# _aitt-pgups.ru _u